| 000 | 00504nam a22001817a 4500 | ||
|---|---|---|---|
| 005 | 20140821105100.0 | ||
| 010 | _aENG-110586 | ||
| 020 |
_c150.00 _a8170173299 |
||
| 035 | _aEN-94118 | ||
| 037 | _bDBAD/PUB | ||
| 082 | _aN | ||
| 100 | _aAnand, Mulk Raj | ||
| 245 |
_aDeath of a hero : _cby Mulk Raj Anand _bepitaph for Maqbool Sherwani / |
||
| 260 |
_aNew Delhi _bAbhinav Publications _c(201?) |
||
| 270 |
_bNew Delhi _e110016 _aE-37, Hauz Khas |
||
| 300 |
_a85p. _c23cm(Hb) |
||
| 942 |
_2ddc _cEN _mANA _hN |
||
| 999 |
_c87496 _d87496 |
||